| 000 | 00735cab a2200217 4500 | ||
|---|---|---|---|
| 001 | ABS57060 | ||
| 008 | 090401t1997 xxu||||| |||| 00| 0 eng d | ||
| 035 | _a(Sirsi) u79127 | ||
| 041 | _aeng | ||
| 100 | _aSkelton, N | ||
| 245 | _aTo agree or not to agree? | ||
| 260 | _c1997 | ||
| 350 | _a0 | ||
| 490 |
_aSolicitors` Journal _v141(23) 13 June 1997, 570(1) |
||
| 520 | _aConsiders the implications of Arbitration Act 1996 s5, which requires that an agreement be in writing in order to be binding on the parties including the arbitrator, on proceedings commenced since 31 January 1997. | ||
| 650 | _aAGREEMENT IN WRITING | ||
| 650 | _aARBITRATION ACT 1996 S5 | ||
| 690 | _aARBITRATIONS | ||
| 942 | _n0 | ||
| 948 | _c23/06/1997 | ||
| 999 |
_c49733 _d49733 |
||